000 00445nam a2200169Ia 4500
003 GCL
008 140319s9999 xx 000 0 eng d
040 _aGCL /
_cGCL
082 0 4 _a420.71
_bH G
100 1 _aHUBBARD, SHELAGH
245 1 0 _aGCSE ENGLISH, STUDY GUIDE /
_cHUBBARD, SHELAGH
700 1 _aSWEETMAN, JIM
260 _a[S.N] :
_bBPP LETTS EDUCATIONAL LTD ،
_c1993
300 _a207
650 0 4 _aENGLISH LANGUAGE
942 _2ddc
_cBK
999 _c16325
_d16325